Madrid / (Record no. 57352)

MARC details
000 -LEADER
campo de control de longitud fija 01102nam a2200241 i 4500
001 - NÚMERO DE CONTROL
campo de control 57352
003 - IDENTIFICADOR DE NÚMERO DE CONTROL
campo de control ES-MaACL
005 - FECHA Y HORA DE LA ÚLTIMA TRANSACCIÓN
campo de control 20250717122559.0
007 - CAMPO FIJO DE DESCRIPCIÓN FÍSICA--INFORMACIÓN GENERAL
campo de control de longitud fija t|
008 - DATOS DE LONGITUD FIJA--INFORMACIÓN GENERAL
campo de control de longitud fija 031016s1907 sp 00110 spa d
100 1# - ENTRADA PRINCIPAL--NOMBRE DE PERSONA
Nombre de persona Dorado, Facundo.
9 (RLIN) 45371
245 10 - MENCIÓN DEL TÍTULO
Título Madrid /
Mención de responsabilidad, etc. Facundo Dorado.
260 ## - PUBLICACIÓN, DISTRIBUCIÓN, ETC.
Lugar de publicación, distribución, etc. Madrid :
Nombre del editor, distribuidor, etc. [s.n.],
Fecha de publicación, distribución, etc. 1907
Fabricante (Establecimiento tipográfico de los Hijos de R. Álvarez á cargo de Manuel Álvarez)
300 ## - DESCRIPCIÓN FÍSICA
Extensión 307 p. ;
Dimensiones 20 cm.
530 ## - NOTA DISPONIBLE DE FORMULARIO FÍSICO ADICIONAL
Nota de formato físico adicional disponible Disponible en formato digital.
651 #4 - PUNTO DE ACCESO ADICIONAL DE MATERIA--NOMBRE GEOGRÁFICO
Nombre geográfico Madrid-
Subdivisión general Historia.
9 (RLIN) 8963
852 4# - LOCALIZACIÓN
Ubicación ES-MaACL
itemnumber 59562
Número de control de estantería G-10633
Signatura antigua Olim: 106-E-17
Ubicación en estantería Sala Pecera Planta 3
Encuadernación Encuadernación en piel roja, reforzada en el lomo
-- Sello en tinta en portada: "Ateneo.Biblioteca de Madrid"
-- Fecha en tinta en portada: "6 JUL 1921"
Donativo/Legado Legado: Calderón
852 ## - LOCALIZACIÓN
Ubicación ES-MaACL
Número de control de estantería D-4170
itemnumber 59562
Nota libre Falta: recuento 1986, agosto 2022, enero 2024
Ubicación en estantería Sala Valle Inclán
condición física Datos tomados del fichero topográfico de perdidos
856 4# - LOCALIZACIÓN Y ACCESO ELECTRÓNICOS
Identificador Uniforme de Recursos <a href="https://archive.org/details/madrid00doragoog/page/n5/mode/2up">https://archive.org/details/madrid00doragoog/page/n5/mode/2up</a>
Texto de enlace Internet Archive
942 ## - ELEMENTOS DE ENTRADA SECUNDARIOS (KOHA)
Fuente del sistema de clasificación o colocación Clasificación decimal universal
Tipo de ítem Koha Libro impreso
Holdings
Estatus retirado Estado de pérdida Fuente del sistema de clasificación o colocación Estado de daño No para préstamo Biblioteca de origen Biblioteca actual Ubicación en estantería Fecha de adquisición Total de préstamos Signatura topográfica completa Código de barras Visto por última vez Precio de reemplazo Tipo de ítem Koha Colección Nota pública
  Falta en biblioteca Clasificación decimal universal     Biblioteca del Ateneo de Madrid Biblioteca del Ateneo de Madrid Sala Valle Inclán 11/01/2023   D-4170 901205076 23/02/2023 23/02/2023 Libro impreso    
    Clasificación decimal universal     Biblioteca del Ateneo de Madrid Biblioteca del Ateneo de Madrid Sala Pecera Planta 3 17/01/2008   G-10633 1060214 23/02/2023 23/02/2023 Libro impreso Colección digital Encuadernación en piel roja, reforzada en el lomo. -- Signatura antigua: 106-E-17. -- Sello en tinta en portada "Ateneo. Biblioteca de Madrid" y fecha "6 JUL 1921"-- Anotación manuscrita en portada: "Leg[ad]o Calderon".